000 00429nam a2200157Ia 4500
008 160316s1998 xxu||||| |||| 00| 0 eng d
082 _a343.094400
_bBAS
100 _aBasu N D
245 _aMotor vehicles act : As amended by act 54 of 1994
250 _a8th
260 _aNew Delhi
_bAshoka Law House
_c1998
300 _a1176p
_b20 cm
_cxvi
365 _bRs.720
650 _a1.Motor Vehicles Act - Commentary
700 _a
_a
999 _c13207
_d13207